Sierra Leone : 2010 Article IV Consultation and First Review Under the Three-Year Arrangement Under the Extended Credit Facility, Request for Modification of Performance Criterion, and Financing Assurances Review-Staff Report; Public Information Notice and Press Release on the Executive Board Discussion; and Statement by the Executive Director for Sierra Leone.

After a period of economic slowdown, the outlook for Sierra Leone appears more favorable. Development priorities and their financing while maintaining a competitive economy and a sustainable debt outlook will help. Structural reforms will focus on improving tax administration, strengthening public f...

Descripció completa

Dades bibliogràfiques
Autor corporatiu: International Monetary Fund
Format: Revista
Idioma:English
Publicat: Washington, D.C. : International Monetary Fund, 2010.
Col·lecció:IMF Staff Country Reports; Country Report ; No. 2010/370
Accés en línia:Full text available on IMF
LEADER 01908cas a2200241 a 4500
001 AALejournalIMF006941
008 230101c9999 xx r poo 0 0eng d
020 |c 5.00 USD 
020 |z 9781455212934 
022 |a 1934-7685 
040 |a BD-DhAAL  |c BD-DhAAL 
110 2 |a International Monetary Fund. 
245 1 0 |a Sierra Leone :   |b 2010 Article IV Consultation and First Review Under the Three-Year Arrangement Under the Extended Credit Facility, Request for Modification of Performance Criterion, and Financing Assurances Review-Staff Report; Public Information Notice and Press Release on the Executive Board Discussion; and Statement by the Executive Director for Sierra Leone. 
264 1 |a Washington, D.C. :  |b International Monetary Fund,  |c 2010. 
300 |a 1 online resource (87 pages) 
490 1 |a IMF Staff Country Reports 
500 |a <strong>Off-Campus Access:</strong> No User ID or Password Required 
500 |a <strong>On-Campus Access:</strong> No User ID or Password Required 
506 |a Electronic access restricted to authorized BRAC University faculty, staff and students 
520 3 |a After a period of economic slowdown, the outlook for Sierra Leone appears more favorable. Development priorities and their financing while maintaining a competitive economy and a sustainable debt outlook will help. Structural reforms will focus on improving tax administration, strengthening public financial management, and deepening the financial sector. A key constraint to economic growth in the medium term is the lack of basic infrastructure. Executive Directors support the request to modify the target on net domestic bank credit to the government. 
538 |a Mode of access: Internet 
830 0 |a IMF Staff Country Reports; Country Report ;  |v No. 2010/370 
856 4 0 |z Full text available on IMF  |u http://elibrary.imf.org/view/journals/002/2010/370/002.2010.issue-370-en.xml  |z IMF e-Library